Multiple Choice City Quiz – Turin - Statistics

General Stats
  • This quiz has been taken 13,594 times
  • The average score is 6 of 10
Answer Stats
Question Answer % Correct
What is the Italian name of Turin? Torino
97%
What football club based in Turin has won a record 36 Serie A titles? Juventus
81%
Which of the following statements applies to Turin? It was the first capital of modern day Italy
79%
Whose image is said to appear on the Shroud of Turin? Jesus Christ
74%
Which of these images depicts Turin?
62%
On what river is Turin located? Po
57%
When did Turin host the Winter Olympics? 2006
53%
What region is Turin the capital of? Piedmont
52%
Which of these companies is based in Turin? Fiat
51%
Turin is home to a museum that has the world's second largest collection of ... Egyptian antiquities
22%
No matching quizzes found
Score Distribution
Percent of People with Each Score
Percentile by Number Answered
Your Score History
You have not taken this quiz